Ministerio sagrado (Record no. 23541)

MARC details
000 -LEADER
campo de control de longitud fija 00701nam a2200217 i 4500
001 - NÚMERO DE CONTROL
campo de control 23541
003 - IDENTIFICADOR DE NÚMERO DE CONTROL
campo de control ES-MaACL
005 - FECHA Y HORA DE LA ÚLTIMA TRANSACCIÓN
campo de control 20230906152906.0
007 - CAMPO FIJO DE DESCRIPCIÓN FÍSICA--INFORMACIÓN GENERAL
campo de control de longitud fija t|
008 - DATOS DE LONGITUD FIJA--INFORMACIÓN GENERAL
campo de control de longitud fija 021211s1968 sp ||||1| spa d
100 1# - ENTRADA PRINCIPAL--NOMBRE DE PERSONA
Nombre de persona Allmen, Jean-Jacques von.
9 (RLIN) 20047
245 10 - MENCIÓN DEL TÍTULO
Título Ministerio sagrado
Resto del título : estudios de teología ecuménica /
Mención de responsabilidad, etc. Jean-Jacques von Allmen ; [tradujeron, Manuel de Terry y Luis Bittini, S.J.].
260 ## - PUBLICACIÓN, DISTRIBUCIÓN, ETC.
Lugar de publicación, distribución, etc. Salamanca :
Nombre del editor, distribuidor, etc. Sígueme,
Fecha de publicación, distribución, etc. 1968.
300 ## - DESCRIPCIÓN FÍSICA
Extensión 164 p. ;
Dimensiones 22 cm.
490 1# - MENCIÓN DE SERIE
Mención de serie Diálogo ;
Designación de volumen o secuencia 1
700 1# - ENTRADA AGREGADA--NOMBRE PERSONAL
Nombre de persona Terry, Manuel de.
9 (RLIN) 109806
700 1# - ENTRADA AGREGADA--NOMBRE PERSONAL
Nombre de persona Bittini, Luis.
9 (RLIN) 29031
830 0# - PUNTO DE ACCESO ADICIONAL DE SERIE-TÍTULO UNIFORME
Título uniforme Diálogo ;
Designación de volumen o secuencia 1
9 (RLIN) 180869
852 ## - LOCALIZACIÓN
Ubicación ES-MaACL
Número de control de estantería C-33978
Sublocalización o colección R.65001
Holdings
Estatus retirado Estado de pérdida Estado de daño No para préstamo Biblioteca de origen Biblioteca actual Ubicación en estantería Fecha de adquisición Fuente de adquisición Total de préstamos Signatura topográfica completa Código de barras Visto por última vez Precio de reemplazo Tipo de ítem Koha
        Biblioteca del Ateneo de Madrid Biblioteca del Ateneo de Madrid Depósito 2 17/01/2008     C-33978 1024257 23/02/2023 23/02/2023 Libro impreso